Encyclopedia of chemical reactions

Uloženo v:
Podrobná bibliografie
Hlavní autor: Jacobson, Carl Alfred (Autor)
Médium: Kniha
Jazyk:angličtina
Vydáno: Nueva York Reinhold 1946
Témata:
Tagy: Přidat tag
Žádné tagy, Buďte první, kdo vytvoří štítek k tomuto záznamu!

MARC

LEADER 00000nam a2200000 a 4500
001 UCW2659
003 CL-VaPUC
008 911023e19460000US |||||||||||||||||eng|d
082 0 4 |a 546  |b JAC  |2 21 
100 0 |a Jacobson, Carl Alfred  |e author  |9 306921 
245 1 0 |a Encyclopedia of chemical reactions 
300 |a v 
942 |c BK 
945 |d 19911023 00:00:00  |a mfernand 
260 |a Nueva York  |b Reinhold  |c 1946 
650 0 |a Reacciones químicas  |9 259438 
650 0 |a Química inorgánica  |9 260154 
583 |a last modification  |c 20171031 11:00:04  |k Rodrigo Vera 
999 |c 217158  |d 217156